| 000 | 00365nam a22001457a 4500 | ||
|---|---|---|---|
| 008 | 221121b ||||| |||| 00| 0 eng d | ||
| 020 | _a9780890425558 | ||
| 041 | _aeng | ||
| 080 |
_2FIFTH EDITION _a159.9 |
||
| 082 | _a159.9 JES | ||
| 100 | _a25 | ||
| 101 | _aPSI | ||
| 245 |
_aDIAGNOSTIC AND STATISTICAL MANUAL OF MENTAL DISORDERS _cJESTE V.D |
||
| 942 |
_2udc _cBK |
||
| 999 |
_c58986 _d58986 |
||